Estrategias eficaces de ventas: el sistema más contrastado de ideas, métodos y técnicas de ventas empleado por los líderes comerciales mundiales
Сохранить в:
| Главный автор: | |
|---|---|
| Формат: | |
| Язык: | испанский |
| Опубликовано: |
Barcelona
Paidós
1997
|
| Редактирование: | 1a. ed |
| Серии: | Paidós Empresa, 47
|
| Предметы: | |
| Метки: |
Добавить метку
Нет меток, Требуется 1-ая метка записи!
|
MARC
| LEADER | 00000cam a2200000 a 4500 | ||
|---|---|---|---|
| 001 | UCD6972 | ||
| 003 | CL-VaPUC | ||
| 008 | 170303e19970000sp |||||||||||||||||spa|d | ||
| 020 | |a 8449303885 | ||
| 082 | 0 | 4 | |a 658.81 |b TRA |2 21 |
| 100 | 0 | |a Tracy, Brian |e author |9 590888 | |
| 245 | 1 | 0 | |a Estrategias eficaces de ventas: el sistema más contrastado de ideas, métodos y técnicas de ventas empleado por los líderes comerciales mundiales |
| 250 | |a 1a. ed | ||
| 300 | |a 426 p | ||
| 942 | |c BK | ||
| 945 | |d 20170303 17:35:00 |a arojas | ||
| 260 | |a Barcelona |b Paidós |c 1997 | ||
| 650 | 0 | |a Ventas |9 259323 | |
| 650 | 0 | |a Marketing |9 259324 | |
| 650 | 7 | |a INTELIGENCIA DE NEGOCIOS |2 CL-VaPUC |9 576761 | |
| 650 | 0 | |a Técnicas de venta |9 338625 | |
| 583 | |a last modification |c 20170303 17:35:00 |k Rodrigo Vera | ||
| 490 | 0 | |a Paidós Empresa, 47 | |
| 999 | |c 367144 |d 367142 | ||
| 952 | |0 0 |1 0 |3 erb |4 0 |6 658_810000000000000_TRA_1997 |7 0 |8 A |9 481836 |a BIBENE |b BIBENE |i 5328799 |o 658.81 TRA 1997 |p 5328799 |r 2025-01-15 |w 2019-11-24 |y BK |z Catalogado en:20170303 |k ICO | ||